000 00544ntaaa2200193 4500
003 01
005 20251027202407.0
008 0714s1973 ag 01
040 _aAR-BaBN
_bspa
_cAR-BaBN
_eaacr
_dRIC
082 _a284.1000 C13
245 _aPresencia
250 _a1 ed.
260 _aBuenos Aires :
_bIglesia Evangélica Luterana Unida,
_cn.f.
300 _a104 p
500 _aGuía completa sobre todo lo relacionado con la obra de la Iglesia Evangélica Luterana
650 _aLuteranos
700 _aCalvo, David J
_922661
942 _cBK
999 _c18837
_d18837